[Event "Binhai Cup-B 4th"]
[Site "Binhai"]
[Date "2024.08.18"]
[Round "1"]
[White "Zhang, Haoxuan"]
[Black "Wang, Xinghao"]
[Result "1-0"]
[WhiteElo "1956"]
[BlackElo "1608"]
[PlyCount "99"]
[EventDate "2024.08.18"]
[EventType "swiss"]
[EventRounds "9"]
[EventCountry "CHN"]
[SourceTitle "CBM 221 Extra"]
[Source "ChessBase"]
[SourceDate "2024.09.30"]
[SourceVersion "1"]
[SourceVersionDate "2024.09.30"]
[SourceQuality "1"]

1. e4 c5 2. Nf3 d6 3. d4 cxd4 4. Nxd4 Nf6 5. Nc3 a6 6. h3 e5 7. Nde2 b5 8. Bg5 Nbd7 9. a4 b4 10. Nd5 a5 11. g3 Bb7 12. Bg2 h6 13. Be3 Nxd5 14. exd5 Be7 15. 0-0 0-0 16. g4 f5 17. gxf5 Rxf5 18. Ng3 Rf7 19. Qd2 Bh4 20. Rad1 Qe7 21. Rfe1 Nf6 22. Nf5 Bxf2+ 23. Bxf2 Qd7 24. Ne3 Nh5 25. Qe2 Nf4 26. Qg4 Qc7 27. Rd2 Raf8 28. Kh2 Bc8 29. Qg3 Rf6 30. Rg1 Rg6 31. Qh4 Qd7 32. Bf1 Rxg1 33. Kxg1 Qxa4 34. Bg3 Qd7 35. b3 Qc7 36. Bxf4 Rxf4 37. Qg3 Qc3 38. Rg2 g5 39. Kh2 Re4 40. Ng4 Bxg4 41. Qxc3 bxc3 42. Rxg4 Re1 43. Bd3 Re3 44. Kg2 Kf7 45. Re4 Rxe4 46. Bxe4 Kf6 47. Kf3 h5 48. Ke3 g4 49. h4 Ke7 50. Bg6 1-0